000 00609nam a2200217 i 4500
001 C2-0021223
003 PPAK
005 20190630221954.0
008 970204s1982 xxka|||| ||||| | eng d
040 _aPPAK
_beng
_cPPAK
_erda
082 0 4 _a796.345
_223
090 0 0 _a796.345
_bDOW
_dR
100 1 _aDowney, Jake,
_eauthor
245 1 0 _aWinning badminton singles
264 1 _aWakefield, West Yorkshire :
_bEP Publishing ,
_c1982
300 _axiii, 160 pages :
_billustrations ;
_c27 cm
336 _2rdacontent
_atext
337 _2rdamedia
_aunmediated
338 _2rdacarrier
_avolume
942 _ddc
_cB
999 _c4425
_d4425